Southville International School and Colleges
Your cart is empty.
  • Cart
  • Lists
    Public lists Eva Luna New books Lux_list list_1
    Your lists Log in to create your own lists
  • Log in to your account
  • Your cookies
  • Search history
Southville International School and Colleges
  • Advanced search
  • Recent comments
  • Most popular
  • Libraries

Log in to your account

Log in with GOOGLE


If you do not have an external account, but do have a local account, you can still log in:

  1. Home
  2. MARC view: The anthelmintic activity of bougainvillea glabra leaves extract against ascaris suum /
Normal view MARC view ISBD view

The anthelmintic activity of bougainvillea glabra leaves extract against ascaris suum / (Record no. 296204)

[ view plain ]
MARC details
000 -LEADER
fixed length control field 00647nam a2200205Ia 4500
008 - FIXED-LENGTH DATA ELEMENTS--GENERAL INFORMATION
fixed length control field 160628s9999 xx 000 0 und d
050 ## - LIBRARY OF CONGRESS CALL NUMBER
Classification number RS 164
050 ## - LIBRARY OF CONGRESS CALL NUMBER
Item number .P843 2016
100 ## - MAIN ENTRY--PERSONAL NAME
Personal name Portelo, Veneth Maricon B.
245 #4 - TITLE STATEMENT
Title The anthelmintic activity of bougainvillea glabra leaves extract against ascaris suum /
245 ## - TITLE STATEMENT
Statement of responsibility, etc Venth Maricon B. Portelo, Cristerly S. Torres, Adrianne Joy Zarate.
260 ## - PUBLICATION, DISTRIBUTION, ETC. (IMPRINT)
Place of publication, distribution, etc Las Piñas, Philippines :
260 ## - PUBLICATION, DISTRIBUTION, ETC. (IMPRINT)
Name of publisher, distributor, etc SISC,
260 ## - PUBLICATION, DISTRIBUTION, ETC. (IMPRINT)
Date of publication, distribution, etc 2016.
300 ## - PHYSICAL DESCRIPTION
Extent 77 pages :
300 ## - PHYSICAL DESCRIPTION
Other physical details illustrations ;
300 ## - PHYSICAL DESCRIPTION
Dimensions 28 cm.
500 ## - GENERAL NOTE
General note Includes bibliographical references and appendices.
942 ## - ADDED ENTRY ELEMENTS (KOHA)
Koha item type Theses
Holdings
Withdrawn status Lost status Source of classification or shelving scheme Damaged status Home library Current library Shelving location Date acquired Source of acquisition Total Checkouts Full call number Barcode Date last seen Price effective from Koha item type
    Library of Congress Classification   South SEED-LPDH College Library South SEED-LPDH College Library South SEED-LPDH College Section 06/28/2016 Donation   RS 164 .P843 2016 SSLCT0009 04/20/2017 06/28/2016 Theses

The anthelmintic activity of bougainvillea glabra leaves extract against ascaris suum /

APA

Portelo V. M. B., .The anthelmintic activity of bougainvillea glabra leaves extract against ascaris suum. Las Piñas, Philippines: .

Chicago

Portelo Veneth Maricon B, .The anthelmintic activity of bougainvillea glabra leaves extract against ascaris suum. Las Piñas, Philippines: .

Harvard

Portelo V. M. B., .The anthelmintic activity of bougainvillea glabra leaves extract against ascaris suum. Las Piñas, Philippines: .

MLA

Portelo Veneth Maricon B, .Las Piñas, Philippines: . .

  • Print
  • Cite
  • Add to your cart (remove)
  • Save record
    BIBTEX Dublin Core MARCXML MARC (non-Unicode/MARC-8) MARC (Unicode/UTF-8) MARC (Unicode/UTF-8, Standard) MODS (XML) RIS
  • More searches
    Search for this title in:
    Other Libraries (WorldCat) Other Databases (Google Scholar) Online Stores (Bookfinder.com) Open Library (openlibrary.org)

Exporting to Dublin Core...

SOUTHVILLE LIBRARY

Southville International School and Colleges Library

1281 Tropical Ave. Cor. Luxembourg St., BF Homes International, Las Pinas City

Tel. No. 8256374 / 252358 Loc. 117/146

Powered by Koha